000 00371nam a22001337a 4500
082 _a510
_bLOW
100 _aLow, Bevis Brunel
_938893
245 _aMathematics
_bA Text-Book for Technical students
260 _aNeill & Co. Ltd
_bEdinburgh
300 _avii, 464, :
_bill, :
_c12 CM
526 _a0
_b0
_c0
_d510_000000000000000_LOW
650 _aMCE
_9379
942 _2ddc
_cBK
999 _c543512
_d543512